000 00263 a2200109 4500
000 nam a22 7a 4500
020 _a9781138072275
100 _aAgah,Arvin
_986
245 _aMedical Applications of Artificial Intelligence
260 _bCRC
_c2014
264 _bCRC
999 _c35946
_d35946